Strategic Management and Business Policy (Record no. 1526)

MARC details
000 -LEADER
fixed length control field 00457nam a22001817a 4500
005 - DATE AND TIME OF LATEST TRANSACTION
control field 20180820121840.0
008 - FIXED-LENGTH DATA ELEMENTS--GENERAL INFORMATION
fixed length control field 160524b xxu||||| |||| 00| 0 eng d
020 ## - INTERNATIONAL STANDARD BOOK NUMBER
ISBN 978-0-07-0252-8
041 ## - LANGUAGE CODE
Language code of text/sound track or separate title eng
082 ## - DEWEY DECIMAL CLASSIFICATION NUMBER
Item number 4546
Classification number 658.4012
100 ## - MAIN ENTRY--AUTHOR NAME
Personal name KAZMI, AZHAR
245 ## - TITLE STATEMENT
Title Strategic Management and Business Policy
260 ## - PUBLICATION, DISTRIBUTION, ETC. (IMPRINT)
Place of publication New Delhi
Name of publisher Academic Faundation
Year of publication 2003
300 ## - PHYSICAL DESCRIPTION
Number of Pages 670p,
500 ## - GENERAL NOTE
General note 670
650 ## - SUBJECT ADDED ENTRY--TOPICAL TERM
Topical Term Management
942 ## - ADDED ENTRY ELEMENTS (KOHA)
Koha item type Books
Holdings
Lost status Damaged status Collection code Home library Current library Shelving location Date acquired Cost, normal purchase price Full call number Accession Number Koha item type
    MANAGEMENT JRU Library JRU Library SHELF-64-K 24/05/2016 295.00 658.4012 4546 Books
    MANAGEMENT JRU Library JRU Library SHELF-64-K 24/05/2016 295.00 658.4012 4547 Books
    MANAGEMENT JRU Library JRU Library SHELF-64-K 24/05/2016 295.00 658.4012 4548 Books
    MANAGEMENT JRU Library JRU Library SHELF-64-K 24/05/2016 295.00 658.4012 4549 Books
    Reference JRU Library   SHELF-30-F 24/05/2016 295.00 658.4012 4550 Books
    MANAGEMENT JRU Library JRU Library SHELF-64-K 24/05/2016 295.00 658.4012 4551 Books